Statystyki dla Jeden sąsiad danego kraju! #3

Kliknij tutaj aby rozwiązać quiz!

Ogólne statystyki

  • Ten quiz został rozwiązany 312 razy
  • Średni wynik to 14 z 15

Statystyki odpowiedzi

KrajJakiś tam dowolny
sąsiad
% Poprawnych
NorwegiaSzwecja | Finlandia | Rosja
99%
SzwajcariaAustria | Francja | Włochy | Niemcy
| Liechtenstein
98%
Stany ZjednoczoneKanada | Meksyk
98%
DaniaNiemcy
97%
SłoweniaWłochy | Chorwacja | Węgry |
Austria
97%
GrecjaAlbania | Bułgaria | Macedonia Północna
| Turcja
95%
IndiePakistan | Nepal | Chiny | Bhutan
| Bangladesz | Mjanma
95%
EkwadorKolumbia | Peru
93%
JemenOman | Arabia Saudyjska
90%
EgiptLibia | Sudan | Izrael | Palestyna
88%
KirgistanChiny | Kazachstan | Tadżykistan |
Uzbekistan
86%
NamibiaBotswana | Angola | Zambia |
Republika Południowej Afryki
82%
PanamaKolumbia | Kostaryka
81%
ErytreaEtiopia | Dżibuti | Sudan
80%
HondurasSalwador | Gwatemala | Nikaragua
80%

Rozkład punktacji

Percentyl według liczby udzielonych odpowiedzi

Procent ludzi z każdym wynikiem

Twoja historia wyników

Nie rozwiązałeś tego quizu